| 000 | 00928nam a2200289 i 4500 | ||
|---|---|---|---|
| 001 | 000038539 | ||
| 003 | DO-SdBNP | ||
| 005 | 20260414143623.0 | ||
| 007 | ta | ||
| 008 | 260210s1997 dr ac r 000 0 spa d | ||
| 020 | _a8484002519 | ||
| 040 |
_aDO-SdBNP _bspa _cBNPHU _erda |
||
| 041 | _aspa | ||
| 082 | 4 |
_axxx _bC957b _222 |
|
| 100 | 1 |
_aCruz Segura, Juan J. _eautor _964878 _4aut. |
|
| 245 | 1 | 0 |
_aBajo la barbarie : _bla juventud democrática clandestina (1947-1959), testimonio de un protagonista / _cJuan J. Cruz Segura |
| 250 | _aPrimera edición | ||
| 264 |
_aSanto Domingo : _bEditora Taller C. por A.., _c1997 |
||
| 300 |
_a195 páginas : _bilustraciones, rretratos ; _c24 cm. |
||
| 336 |
_atexto _btxt _2rdacontent |
||
| 337 |
_asin mediación _bn _2rdamedia |
||
| 338 |
_avolumen _bnc _2rdacarrier |
||
| 490 | 0 |
_aBiblioteca Taller _v317 |
|
| 590 | _aInventariado, 2026/DG | ||
| 910 | _aDG | ||
| 942 |
_2ddc _cLBS1 |
||
| 999 |
_c60275 _d60275 |
||